000 00663nam a2200229 i 4500
001 bgj
100 1 _aBEARE, Beryl
245 1 0 _aScotland :
_bmyths & legends /
_cBeryl Beare.
260 _aEdinburgh :
_bLomond Books,
_c1997.
300 _a80 pp :
_bphotos ;
_c21 cm.
500 _a1st published in Great Britain in 1996 by Parragon.
500 _aThis is exclusively edition.
505 _aIncludes index.
650 9 _aMythology, Scottish
650 9 _aScottish legends
020 _a0752516949 (pbk, jacket)
040 _cBPK
041 0 _aeng
920 _a0-75251-694-9 (pbk, jacket)
942 _cKS
008 s uk f |000 0 eng
999 _c50114
_d50114
856 _uhttp://koha.tu.koszalin.pl/cgi-bin/koha/opac-detail.pl?biblionumber=50114
_yKatalog online BPK